Memòria d'activitats : 2008 / Consorci del Besòs 2008 / Consorci del Besòs
Descripción Física:
81 p. : il. col., quadres, gràf. ; 29 cm
Materias:
Consorci del Besòs -- Memòries
MARC
| LEADER | 00000nam a2200000Ia 4500 | ||
|---|---|---|---|
| 001 | 22696 | ||
| 008 | 160829s2009 xx 000 0 cat d | ||
| 080 | |a C-3-302 | ||
| 100 | |a Consorci del Besòs |9 40979 | ||
| 245 | |a Memòria d'activitats : |b 2008 / Consorci del Besòs | ||
| 260 | |a [Sant Adrià de Besòs] : |b el Consorci, |c 2009 | ||
| 300 | |a 81 p. : |b il. col., quadres, gràf. ; |c 29 cm | ||
| 590 | |a Consorci del Besòs, 1998 - 2008, Xè aniversari | ||
| 650 | |a Consorci del Besòs |x Memòries |9 40980 | ||
| 901 | |a Arxiu | ||
| 942 | |n 1 | ||
| 952 | |0 0 |1 0 |4 0 |6 C3302 |7 1 |9 49976 |a Arxiu |b Arxiu |d 2016-12-01 |l 0 |o C-3-302 |p 22696 |r 2016-12-01 00:00:00 |w 2016-12-01 |y ARXIU | ||
| 999 | |c 53818 |d 53818 | ||